Valorant maps - Statistiques

Statistiques générales
  • Ce quiz a été pris 80 fois
  • Le résultat moyen est 6 sur 16
Statistiques - réponses
Par images Réponse % Correct
Lotus
82%
Ascent
77%
Sunset
71%
Abyss
66%
Bind
61%
Pearl
56%
Haven
53%
Fracture
42%
Split
39%
Icebox
35%
Breeze
34%
Kasbah
10%
Piazza
5%
Drift
3%
Glitch
3%
District
2%
Aucun quiz correspondant
Distribution des résultats
% des personnes avec chaque résultat
Percentile par nombre de réponses
Votre historique - résultats
Vous n’avez pas pris ce quiz